书目信息 |
| 题名: |
设计·推广
|
|
| 作者: | 杨君宇 , 叶武 , 赵巍 编著 | |
| 分册: | ||
| 出版信息: | 北京理工 2007.11 |
|
| 页数: | 163页 | |
| 开本: | 29cm | |
| 丛书名: | ||
| 单 册: | ||
| 中图分类: | J06 | |
| 科图分类: | ||
| 主题词: | 美术理论 | |
| 电子资源: | ||
| ISBN: | 978-7-5640-1060-7 | |
| 000 | 00629nam0 2200229 45 | |
| 001 | 0934211807 | |
| 005 | 20091015093154.92 | |
| 010 | @a978-7-5640-1060-7@dCNY29.00 | |
| 100 | @a20090515d2007 ekmy0 y0120 ea | |
| 102 | @aCN@b130000 | |
| 105 | @ay z 000yy | |
| 200 | 1 | @a设计·推广@f杨君宇,叶武,赵巍编著@Fyang jun yu,ye wu,zhao wei bian zhu |
| 210 | @c北京理工@d2007.11 | |
| 215 | @a163页@d29cm | |
| 606 | 0 | @a美术理论 |
| 690 | @aJ06@v4 | |
| 701 | 0 | @a杨君宇@Ayang jun yu@4编著 |
| 701 | 0 | @a叶武@Aye wu@4编著 |
| 701 | 0 | @a赵巍@Azhao wei@4编著 |
| 801 | 0 | @aCN@c20091015 |
| 905 | @a10447@dJ06@eY200 | |
| 906 | @d29@n3@r1 | |
| 设计·推广/杨君宇,叶武,赵巍编著.-北京理工,2007.11 |
| 163页;29cm |
| ISBN 978-7-5640-1060-7:CNY29.00 |
| ● |
| 相关链接 |
|
|
|
正题名:设计·推广
索取号:J06/Y200
 
预约/预借
| 序号 | 登录号 | 条形码 | 馆藏地/架位号 | 状态 | 备注 |
| 1 | 892165 | 208921657 | 艺术设计学院资料室/ [索取号:J06/Y200] | 在馆 | |
| 2 | 892166 | 208921666 | 社科库309/309社科库 63排1列5层/ [索取号:J06/Y200] | 在馆 | |
| 3 | 892167 | 208921675 | 社科库309/309社科库 63排1列5层/ [索取号:J06/Y200] | 在馆 |